header

Air pollution (Record no. 125915)

MARC details
000 -LEADER
fixed length control field 01154nam a2200277 a 4500
245 00 - TITLE STATEMENT
Title Air pollution
260 ## - PUBLICATION, DISTRIBUTION, ETC. (IMPRINT)
Place of publication [Saif Zone, Sharjah, United Arab Emirates] :
Name of publisher Bentham Science Publishers Ltd.,
Year of publication [2011]
300 ## - PHYSICAL DESCRIPTION
Number of Pages iv, 176 p. :
Other physical details ill. (some col.)
650 #0 - SUBJECT ADDED ENTRY--TOPICAL TERM
Topical Term Air
Topical Term Greenhouse gases.
700 1# - ADDED ENTRY--PERSONAL NAME
Personal name Llop, Mara.
856 40 - ELECTRONIC LOCATION AND ACCESS
Uniform Resource Identifier http://site.ebrary.com/lib/rucke/Doc?id=10492616

No items available.

© 2026 Rongo University
Contact us: librarian | system librarian | Rongo university